000 00860nmc a2200289 a 4500
003 AR-BaBNM
005 20251128210917.0
008 051020s2001 ||||||||||||||000 | spa||
020 _a950-808-308-9
040 _cAR-BaBNM
100 1 _aBrunetti, Paulina
245 1 0 _aLos procedimientos de citación y la producción de textos
260 _aRosario
_bHomo Sapiens Ediciones
_c2001
300 _a52 p.
_btablas, gráfs.
490 0 _aEstrategias para el aula. Lengua
504 _aContiene referencias bibliográficas p. 52
650 4 _aCITAS
650 4 _aACTIVIDADES DE APRENDIZAJE
653 _aENSENANZA DE LA LENGUA
653 _aTERCER CICLO DE LA EGB
653 _aPRODUCCION DE TEXTOS
653 _aESTRATEGIAS DIDACTICAS
700 1 _aQuirós, Carola de
800 1 _aBixio, Cecilia
_edirector
942 _cBK
998 _cRAQUEL
999 _c17419
_d17419